Les surnoms des joueurs de football #1 - Statistiques

Statistiques générales
  • Ce quiz a été pris 333 fois
  • Le résultat moyen est 3 sur 10
Statistiques - réponses
Hint Réponse % Correct
Zinedine Zidane Zizou
90%
Lionel Messi La Pulga
68%
Ronaldo Nazario Il Fenômeno
33%
Thierry Henry Titi
32%
Kylian Mbappé Donatello
25%
Iker Casillas San Iker
7%
Eric Cantona King Eric
3%
Karim Benzema El Gato
1%
Javier Zanetti El Pupi
1%
Andrea Pirlo L'Architecte
1%
Aucun quiz correspondant
Distribution des résultats
% des personnes avec chaque résultat
Percentile par nombre de réponses
Votre historique - résultats
Vous n’avez pas pris ce quiz